[Event "IECG CE.2003.0.00065 email"]
[Site "IECG email"]
[Date "2003.12.17"]
[Round "?"]
[White "Bidgood, Lee"]
[Black "Camarillo Cardenas, A Jonatan"]
[Result "1-0"]
[WhiteElo "1394"]
[BlackElo "1397"]
[PlyCount "20"]
[EventDate "2003.12.17"]
[EventType "tourn (corr)"]
[EventRounds "6"]
[SourceTitle "Corr 2008"]
[Source "ChessBase"]
[SourceDate "2008.06.24"]
[SourceVersion "1"]
[SourceVersionDate "2008.06.24"]
[SourceQuality "1"]

1. d4 Nf6 2. e3 g6 3. Nf3 Bg7 4. c4 d5 5. cxd5 Nxd5 6. e4 Nb6 7. Be3 0-0 8. Nc3 Bg4 9. h3 Bxf3 10. Qxf3 c6 1-0